MARC details
| 000 -LEADER |
| fixed length control field |
02298cam a2200385 i 4500 |
| 001 - CONTROL NUMBER |
| control field |
2006933243 |
| 003 - CONTROL NUMBER IDENTIFIER |
| control field |
DLC |
| 005 - DATE AND TIME OF LATEST TRANSACTION |
| control field |
20250110155637.0 |
| 007 - PHYSICAL DESCRIPTION FIXED FIELD--GENERAL INFORMATION |
| fixed length control field |
t| |
| 008 - FIXED-LENGTH DATA ELEMENTS--GENERAL INFORMATION |
| fixed length control field |
060822s2016 nyua 000 0 eng |
| 010 ## - LIBRARY OF CONGRESS CONTROL NUMBER |
| LC control number |
2006933243 |
| 020 ## - INTERNATIONAL STANDARD BOOK NUMBER |
| International Standard Book Number |
9781582701707 |
| Qualifying information |
(hardcover : alkaline paper) |
| 020 ## - INTERNATIONAL STANDARD BOOK NUMBER |
| International Standard Book Number |
1582701709 |
| Qualifying information |
(hardcover : alkaline paper) |
| 035 ## - SYSTEM CONTROL NUMBER |
| System control number |
623479 |
| 040 ## - CATALOGING SOURCE |
| Original cataloging agency |
DLC |
| Language of cataloging |
eng |
| Description conventions |
rda |
| Transcribing agency |
DLC |
| Modifying agency |
DLC |
| -- |
TnLvILS |
| -- |
UtOrBLW |
| 082 04 - DEWEY DECIMAL CLASSIFICATION NUMBER |
| Classification number |
158.1 |
| Edition number |
22 |
| 092 ## - LOCALLY ASSIGNED DEWEY CALL NUMBER (OCLC) |
| Classification number |
general nonfiction |
| Item number |
158.1 Byrne, Rhonda |
| 100 1# - MAIN ENTRY--PERSONAL NAME |
| Personal name |
Byrne, Rhonda, |
| Relator term |
author. |
| Relator code |
aut. |
| 9 (RLIN) |
73692 |
| 245 14 - TITLE STATEMENT |
| Title |
The secret / |
| Statement of responsibility, etc |
Rhonda Byrne. |
| 250 ## - EDITION STATEMENT |
| Edition statement |
Tenth Anniversary edition. |
| 260 ## - PUBLICATION, DISTRIBUTION, ETC. (IMPRINT) |
| Place of publication, distribution, etc |
New York : |
| Name of publisher, distributor, etc |
Atria Books ; |
| Place of publication, distribution, etc |
Hillsboro, Ore. : |
| Name of publisher, distributor, etc |
Beyond Words Pub. ; |
| Date of publication, distribution, etc |
c2006. |
| 264 #1 - Production, Publication, Distribution, Manufacture, and Copyright Notice. |
| Place of production, publication, distribution, manufacture |
New York : |
| Name of producer, publisher, distributor, manufacturer |
Atria Books ; |
| Place of production, publication, distribution, manufacture |
Hillsboro, Oregon : |
| Name of producer, publisher, distributor, manufacturer |
Beyond Words Pub., |
| Date of production, publication, distribution, manufacture, or copyr |
2016. |
| 300 ## - PHYSICAL DESCRIPTION |
| Extent |
xix, 202 pages : |
| Other physical details |
color illustrations ; |
| Dimensions |
19 cm. |
| 336 ## - Content Type |
| Content type term |
text |
| 337 ## - Media type |
| Media type term |
unmediated |
| 338 ## - Carrier type |
| Carrier type term |
volume |
| 500 ## - GENERAL NOTE |
| General note |
Originally published: 2006. |
| 520 ## - SUMMARY, ETC. |
| Summary, etc |
Fragments of a Great Secret have been found in the oral traditions, in literature, in religions and philosophies throughout the centuries. For the first time, all the pieces of The Secret come together in an incredible revelation that will be life-transforming for all who experience it. In this book, you'll learn how to use The Secret in every aspect of your life -- money, health, relationships, happiness, and in every interaction you have in the world. You'll begin to understand the hidden, untapped power that's within you, and this revelation can bring joy to every aspect of your life. The Secret contains wisdom from modern-day teachers -- men and women who have used it to achieve health, wealth, and happiness. By applying the knowledge of The Secret, they bring to light compelling stories of eradicating disease, acquiring massive wealth, overcoming obstacles, and achieving what many would regard as impossible. |
| 650 #0 - SUBJECT ADDED ENTRY--TOPICAL TERM |
| Topical term or geographic name as entry element |
New Thought |
| 650 #0 - SUBJECT ADDED ENTRY--TOPICAL TERM |
| Topical term or geographic name as entry element |
Success |
| General subdivision |
Psychological aspects. |
| 9 (RLIN) |
92281 |
| 650 #0 - SUBJECT ADDED ENTRY--TOPICAL TERM |
| Topical term or geographic name as entry element |
Self-actualization (Psychology) |
| 9 (RLIN) |
91224 |
| 650 #0 - SUBJECT ADDED ENTRY--TOPICAL TERM |
| Topical term or geographic name as entry element |
Happiness. |
| 9 (RLIN) |
6169501 |
| 856 42 - ELECTRONIC LOCATION AND ACCESS |
| Materials specified |
Publisher description |
| Uniform Resource Identifier |
<a href="http://www.loc.gov/catdir/enhancements/fy0702/2006933243-d.html">http://www.loc.gov/catdir/enhancements/fy0702/2006933243-d.html</a> |
| 942 ## - ADDED ENTRY ELEMENTS (KOHA) |
| Source of classification or shelving scheme |
Dewey Decimal Classification |
| Koha item type |
BOOK |